header

A very mutinous people (Record no. 49397)

MARC details
000 -LEADER
fixed length control field 02217nam a22004334a 4500
082 04 - DEWEY DECIMAL CLASSIFICATION NUMBER
Classification number 975.6/102
100 1# - MAIN ENTRY--AUTHOR NAME
Personal name McIlvenna, Noeleen,
245 12 - TITLE STATEMENT
Title A very mutinous people
260 ## - PUBLICATION, DISTRIBUTION, ETC. (IMPRINT)
Place of publication Chapel Hill :
Name of publisher University of North Carolina Press,
Year of publication c2009.
300 ## - PHYSICAL DESCRIPTION
Number of Pages x, 212 p. :
Other physical details maps.
505 0# - FORMATTED CONTENTS NOTE
Formatted contents note The first generation. Escape to the swamp, 1660-1663 ; Building the sanctuary, 1664-1673 ; Culpeper's Rebellion, 1673-1680 ; The rise and fall of Seth Sothell, 1681-1695 -- The second generation. Challenge of the Anglicans I : church establishment, 1695-1707 ; Challenge of the Anglicans II : Native American resistance, 1695-1707 ; Cary's Rebellion, 1708-1711 ; One final fight for freedom, 1711-1713.
650 #0 - SUBJECT ADDED ENTRY--TOPICAL TERM
Topical Term Farmers
Topical Term Community life
Topical Term Equality
Topical Term Landowners
Topical Term Anglicans
Topical Term Social conflict
856 40 - ELECTRONIC LOCATION AND ACCESS
Uniform Resource Identifier http://site.ebrary.com/lib/rucke/Doc?id=10343535

No items available.

© 2026 Rongo University
Contact us: librarian | system librarian | Rongo university